[Event "Ruhrgebiet Verbandsklasse Gruppe 2 1718"]
[Site "Germany"]
[Date "2018.02.04"]
[Round "6.2"]
[White "Tobczewski, Peter"]
[Black "Borchert, Louis"]
[Result "1/2-1/2"]
[WhiteElo "1866"]
[BlackElo "1960"]
[PlyCount "74"]
[EventDate "2017.09.17"]
[EventType "team-tourn"]
[EventRounds "9"]
[EventCountry "GER"]
[SourceTitle "EXT 2022"]
[Source "ChessBase"]
[SourceDate "2021.10.06"]
[SourceVersion "1"]
[SourceVersionDate "2021.10.06"]
[SourceQuality "1"]
[WhiteTeam "Horst Emscher II"]
[BlackTeam "Brackel SF II"]
[WhiteTeamCountry "GER"]
[BlackTeamCountry "GER"]

1. e4 e5 2. Nf3 Nc6 3. d4 exd4 4. Nxd4 g6 5. Bc4 Bg7 6. Nxc6 bxc6 7. 0-0 d6 8. Nc3 Nf6 9. e5 dxe5 10. Qxd8+ Kxd8 11. Bxf7 Ke7 12. Bb3 Bf5 13. Be3 Ne4 14. Nxe4 Bxe4 15. Rad1 Bf5 16. Rd2 Rhd8 17. Rfd1 Rxd2 18. Rxd2 a6 19. f3 Rb8 20. c3 Be6 21. Bg5+ Bf6 22. Bxf6+ Kxf6 23. Bxe6 Kxe6 24. Kf2 Rb5 25. Ke3 Rd5 26. c4 Rd6 27. Rd3 Rxd3+ 28. Kxd3 c5 29. Ke4 Kd6 30. h4 Ke6 31. g3 c6 32. a3 Kf6 33. Kd3 Ke6 34. Kc3 Kf5 35. Kd3 Ke6 36. Ke4 Kf6 37. g4 Ke6 1/2-1/2

[Event "Ruhrgebiet Verbandsklasse Gruppe 3 1617"]
[Site "Germany"]
[Date "2017.01.29"]
[Round "6.3"]
[White "Drzasga, Michael"]
[Black "Tobczewski, Peter"]
[Result "1-0"]
[WhiteElo "1970"]
[BlackElo "1892"]
[PlyCount "87"]
[EventDate "2016.09.04"]
[EventType "team-tourn"]
[EventRounds "9"]
[EventCountry "GER"]
[SourceTitle "EXT 2022"]
[Source "ChessBase"]
[SourceDate "2021.10.06"]
[SourceVersion "1"]
[SourceVersionDate "2021.10.06"]
[SourceQuality "1"]
[WhiteTeam "Hoentrop SG"]
[BlackTeam "Horst Emscher II"]
[WhiteTeamCountry "GER"]
[BlackTeamCountry "GER"]

1. d4 d5 2. c4 Nc6 3. cxd5 Qxd5 4. e3 e5 5. Nc3 Bb4 6. Bd2 Bxc3 7. bxc3 exd4 8. cxd4 Nf6 9. Ne2 Ne4 10. Nc3 Nxc3 11. Bxc3 0-0 12. Qf3 Qxf3 13. gxf3 Bd7 14. Rg1 Ne7 15. Rc1 Nd5 16. Bd2 c6 17. h4 Rfc8 18. Be2 a5 19. e4 Nc7 20. h5 b5 21. Bh6 g6 22. hxg6 hxg6 23. Bf4 Kg7 24. Rh1 Ne6 25. Bh6+ Kf6 26. Be3 Ke7 27. f4 Rh8 28. Kd2 Rxh1 29. Rxh1 b4 30. Bc4 Nc7 31. f5 gxf5 32. Bg5+ f6 33. Rh7+ Kd8 34. Bxf6+ Kc8 35. f3 fxe4 36. fxe4 Ne6 37. Re7 Nc7 38. Be5 Ra7 39. Rg7 Ne8 40. Rg8 Kb7 41. d5 Nc7 42. Rd8 Bg4 43. Bd4 Ra8 44. dxc6+ 1-0

[Event "Ruhrgebiet Verbandsklasse Gruppe 3 1617"]
[Site "Germany"]
[Date "2016.11.27"]
[Round "4.3"]
[White "Tobczewski, Peter"]
[Black "Schwerdtfeger, Joachim"]
[Result "1/2-1/2"]
[WhiteElo "1881"]
[BlackElo "1880"]
[PlyCount "31"]
[EventDate "2016.09.04"]
[EventType "team-tourn"]
[EventRounds "9"]
[EventCountry "GER"]
[SourceTitle "EXT 2022"]
[Source "ChessBase"]
[SourceDate "2021.10.06"]
[SourceVersion "1"]
[SourceVersionDate "2021.10.06"]
[SourceQuality "1"]
[WhiteTeam "Horst Emscher II"]
[BlackTeam "Oberhausen SW"]
[WhiteTeamCountry "GER"]
[BlackTeamCountry "GER"]

1. d4 d5 2. Bf4 e6 3. e3 c5 4. c3 Nc6 5. Nf3 Nf6 6. Nbd2 Be7 7. Bd3 a6 8. Ne5 0-0 9. Qf3 Nxe5 10. dxe5 Nd7 11. Qh3 f5 12. exf6 Nxf6 13. Be5 g6 14. Nf3 Bd6 15. 0-0 Qc7 16. Qg3 1/2-1/2

[Event "WchT Seniors 50"]
[Site "Radebeul"]
[Date "2016.07.04"]
[Round "9.20"]
[White "Tobczewski, Peter"]
[Black "Bjorgvik, Jan Arne"]
[Result "1-0"]
[WhiteElo "2012"]
[BlackElo "1803"]
[PlyCount "73"]
[EventDate "2016.06.26"]
[EventType "team-swiss"]
[EventRounds "9"]
[EventCountry "GER"]
[SourceTitle "CBM 173 Extra"]
[Source "ChessBase"]
[SourceDate "2016.08.29"]
[SourceVersion "1"]
[SourceVersionDate "2016.08.29"]
[SourceQuality "1"]
[WhiteTeam "Horst Emscher"]
[BlackTeam "Norway Mix"]
[WhiteTeamCountry "GER"]
[BlackTeamCountry "NOR"]

1. e4 c6 2. d4 d5 3. exd5 cxd5 4. c4 e6 5. Nc3 Nf6 6. Nf3 Nc6 7. c5 Be7 8. Bf4 Nh5 9. Be3 Nf6 10. Bd3 0-0 11. 0-0 a6 12. h3 Qc7 13. a3 Rd8 14. Kh1 g6 15. Re1 Nd7 16. Qd2 Nxc5 17. Bf4 Qxf4 18. Qxf4 Nxd3 19. Qe3 Nxe1 20. Rxe1 b5 21. Rc1 Bb7 22. Ne5 Bf6 23. Nxc6 Bxc6 24. Ne2 Rac8 25. Nf4 Bg5 26. Qg3 Bxf4 27. Qxf4 Kg7 28. Qe5+ Kg8 29. g4 a5 30. b4 axb4 31. axb4 Be8 32. Rc5 Ra8 33. h4 Ra1+ 34. Kh2 Rb1 35. h5 h6 36. hxg6 fxg6 37. Qf6 1-0

[Event "WchT Seniors 50"]
[Site "Radebeul"]
[Date "2016.07.01"]
[Round "6.24"]
[White "Tobczewski, Peter"]
[Black "Voitel, Dietrich"]
[Result "1-0"]
[WhiteElo "2012"]
[BlackElo "1559"]
[PlyCount "67"]
[EventDate "2016.06.26"]
[EventType "team-swiss"]
[EventRounds "9"]
[EventCountry "GER"]
[SourceTitle "CBM 173 Extra"]
[Source "ChessBase"]
[SourceDate "2016.08.29"]
[SourceVersion "1"]
[SourceVersionDate "2016.08.29"]
[SourceQuality "1"]
[WhiteTeam "Horst Emscher"]
[BlackTeam "Norderstedt"]
[WhiteTeamCountry "GER"]
[BlackTeamCountry "GER"]

1. e4 e6 2. d4 b6 3. Nf3 Be7 4. Bd3 Ba6 5. 0-0 h6 6. d5 Bxd3 7. Qxd3 c6 8. Nc3 Bg5 9. dxe6 fxe6 10. e5 Bxc1 11. Qg6+ Kf8 12. Raxc1 Ne7 13. Qe4 Na6 14. Rcd1 Nc5 15. Qg4 g6 16. Nd4 h5 17. Qe2 Nd5 18. Ne4 Nf4 19. Qf3 Qh4 20. Nxc5 Kg7 21. Nxd7 Rhf8 22. Nf6 c5 23. Qxf4 g5 24. Qxh4 gxh4 25. Nxe6+ Kf7 26. Nxf8 Rxf8 27. Rd7+ Ke6 28. f4 h3 29. Rd6+ Kf5 30. Nxh5 hxg2 31. Kxg2 Rg8+ 32. Kf3 Rg6 33. Ng3+ Rxg3+ 34. hxg3 1-0

[Event "GER Seniors Derby 15th"]
[Site "Wesel Undeloh"]
[Date "2016.04.10"]
[Round "9"]
[White "Tobczewski, Peter"]
[Black "Schnegelsberg, Karl Heinz"]
[Result "0-1"]
[WhiteElo "2044"]
[BlackElo "1987"]
[PlyCount "78"]
[EventDate "2016.04.06"]
[EventType "swiss"]
[EventRounds "9"]
[EventCountry "GER"]
[SourceTitle "EXT 2019"]
[Source "ChessBase"]
[SourceDate "2018.10.10"]
[SourceVersion "1"]
[SourceVersionDate "2018.10.10"]
[SourceQuality "1"]

1. e4 e6 2. d4 d5 3. e5 c5 4. c3 Qb6 5. Nf3 Nc6 6. Bd3 cxd4 7. cxd4 Bd7 8. 0-0 Nxd4 9. Nxd4 Qxd4 10. Nc3 a6 11. Kh1 Qxe5 12. Re1 Qd6 13. f4 Nf6 14. Qf3 Be7 15. Bd2 0-0 16. a3 Rfe8 17. Re5 Bc6 18. Qh3 g6 19. Rae1 Bf8 20. Ne2 Bg7 21. Bc3 Nd7 22. Bb4 Qc7 23. Rg5 e5 24. fxe5 Rxe5 25. Qg3 Rae8 26. Bc3 d4 27. Bxd4 Rxe2 28. Rxe2 Rxe2 29. Qxc7 Re1+ 30. Bg1 Bd4 31. h4 Bxg1 32. Qa5 Ra1 33. Qd8+ Kg7 34. Qe8 Nf6 35. Qe2 Be3+ 36. Kh2 Bf4+ 37. Rg3 Nh5 38. Qxh5 Bxg3+ 39. Kxg3 gxh5 0-1

[Event "GER Seniors Derby 15th"]
[Site "Wesel Undeloh"]
[Date "2016.04.08"]
[Round "6"]
[White "Hartung, Lothar"]
[Black "Tobczewski, Peter"]
[Result "1-0"]
[WhiteElo "1809"]
[BlackElo "2044"]
[PlyCount "35"]
[EventDate "2016.04.06"]
[EventType "swiss"]
[EventRounds "9"]
[EventCountry "GER"]
[SourceTitle "EXT 2019"]
[Source "ChessBase"]
[SourceDate "2018.10.10"]
[SourceVersion "1"]
[SourceVersionDate "2018.10.10"]
[SourceQuality "1"]

1. d4 e6 2. e3 c5 3. Nf3 d5 4. c3 Nf6 5. Bd3 Nc6 6. Nbd2 Bd6 7. 0-0 0-0 8. dxc5 Bxc5 9. e4 Qb6 10. Qe2 d4 11. cxd4 Nxd4 12. Nxd4 Bxd4 13. Nb3 e5 14. Nxd4 exd4 15. Bg5 h6 16. Bh4 Bd7 17. e5 Nd5 18. Qe4 1-0

[Event "GER Seniors Derby 15th"]
[Site "Wesel Undeloh"]
[Date "2016.04.08"]
[Round "5"]
[White "Tobczewski, Peter"]
[Black "Skibbe, Diana"]
[Result "0-1"]
[WhiteElo "2044"]
[BlackElo "2054"]
[PlyCount "90"]
[EventDate "2016.04.06"]
[EventType "swiss"]
[EventRounds "9"]
[EventCountry "GER"]
[SourceTitle "EXT 2019"]
[Source "ChessBase"]
[SourceDate "2018.10.10"]
[SourceVersion "1"]
[SourceVersionDate "2018.10.10"]
[SourceQuality "1"]

1. d4 Nf6 2. Bf4 d6 3. e3 g6 4. Nf3 Bg7 5. Bd3 Nbd7 6. Nbd2 a6 7. Bc4 h6 8. c3 b5 9. Bd3 c5 10. dxc5 Nxc5 11. Bc2 Bb7 12. a4 0-0 13. axb5 axb5 14. 0-0 Nh5 15. Re1 Ne6 16. Qe2 Qd7 17. Bg3 Nxg3 18. hxg3 Nc5 19. Nd4 Ba6 20. b4 Ne6 21. Bd3 Nc7 22. Ra5 e5 23. Nxb5 Bb7 24. Rxa8 Rxa8 25. Nxc7 Qxc7 26. c4 Ra2 27. Qd1 Qb6 28. b5 Qa5 29. Ne4 Qb4 30. Re2 Ra4 31. Qd2 Ra1+ 32. Kh2 Qa3 33. Qc3 Qa8 34. f3 d5 35. cxd5 Bxd5 36. Nd6 e4 37. Qc7 exd3 38. Rd2 Ra7 39. Qc5 Bf8 40. b6 Ra5 41. Qc7 Bxd6 42. Qxd6 Bc4 43. Qc7 Rh5+ 44. Kg1 Qa1+ 45. Kf2 Rh1 0-1

[Event "Ruhrgebiet Verbandsklasse Gruppe 2 1516"]
[Site "Germany"]
[Date "2015.11.29"]
[Round "4.2"]
[White "Abramowski, Uwe"]
[Black "Tobczewski, Peter"]
[Result "1-0"]
[WhiteElo "1712"]
[BlackElo "1954"]
[PlyCount "33"]
[EventDate "2015.09.06"]
[EventType "team-tourn"]
[EventRounds "9"]
[EventCountry "GER"]
[SourceTitle "EXT 2022"]
[Source "ChessBase"]
[SourceDate "2021.10.06"]
[SourceVersion "1"]
[SourceVersionDate "2021.10.06"]
[SourceQuality "1"]
[WhiteTeam "Ickern"]
[BlackTeam "Horst Emscher II"]
[WhiteTeamCountry "GER"]
[BlackTeamCountry "GER"]

1. e4 c5 2. Nf3 Nf6 3. e5 Nd5 4. d4 cxd4 5. Bc4 Nb6 6. Bb3 Nc6 7. c3 dxc3 8. Nxc3 e6 9. 0-0 Be7 10. a4 d5 11. exd6 Qxd6 12. Qe2 0-0 13. Rd1 Qb4 14. Bc2 Kh8 15. a5 Nd5 16. Ra4 Nxc3 17. Qd3 1-0

[Event "Ruhrgebiet Verbandsklasse Gruppe 2 1516"]
[Site "Germany"]
[Date "2015.11.08"]
[Round "3.3"]
[White "Lenz, Guntram"]
[Black "Tobczewski, Peter"]
[Result "0-1"]
[WhiteElo "1938"]
[BlackElo "1954"]
[PlyCount "40"]
[EventDate "2015.09.06"]
[EventType "team-tourn"]
[EventRounds "9"]
[EventCountry "GER"]
[SourceTitle "EXT 2022"]
[Source "ChessBase"]
[SourceDate "2021.10.06"]
[SourceVersion "1"]
[SourceVersionDate "2021.10.06"]
[SourceQuality "1"]
[WhiteTeam "Boenen SV"]
[BlackTeam "Horst Emscher II"]
[WhiteTeamCountry "GER"]
[BlackTeamCountry "GER"]

1. d4 d5 2. c4 Nc6 3. Nf3 Bg4 4. e3 e5 5. cxd5 Qxd5 6. Nc3 Bb4 7. Be2 exd4 8. exd4 Nf6 9. a3 Bxc3+ 10. bxc3 0-0 11. 0-0 Rfe8 12. Be3 Ne4 13. Qd3 Qh5 14. Rab1 Bf5 15. Rb5 Nd6 16. Rxf5 Qxf5 17. Qd2 Qd5 18. Qd3 Na5 19. Ng5 Qf5 20. Qd1 Rxe3 0-1

[Event "Ruhrgebiet Verbandsklasse Gruppe 2 1516"]
[Site "Germany"]
[Date "2015.09.06"]
[Round "1.3"]
[White "Wenzel, Martin"]
[Black "Tobczewski, Peter"]
[Result "1/2-1/2"]
[WhiteElo "1868"]
[BlackElo "1954"]
[PlyCount "81"]
[EventDate "2015.09.06"]
[EventType "team-tourn"]
[EventRounds "9"]
[EventCountry "GER"]
[SourceTitle "EXT 2022"]
[Source "ChessBase"]
[SourceDate "2021.10.06"]
[SourceVersion "1"]
[SourceVersionDate "2021.10.06"]
[SourceQuality "1"]
[WhiteTeam "Gladbeck SG II"]
[BlackTeam "Horst Emscher II"]
[WhiteTeamCountry "GER"]
[BlackTeamCountry "GER"]

1. e4 c5 2. c3 Nf6 3. e5 Nd5 4. d4 cxd4 5. Nf3 Nc6 6. cxd4 e6 7. Nc3 Nxc3 8. bxc3 d6 9. Bf4 dxe5 10. Nxe5 Nxe5 11. Bxe5 Qa5 12. Qb3 Bd7 13. Be2 Bc6 14. 0-0 Be7 15. c4 Qd2 16. Bf3 f6 17. Bxc6+ bxc6 18. Qb7 Kf7 19. Bd6 Rhe8 20. Bxe7 Rab8 21. Qd7 Rxe7 22. Qxc6 Qxd4 23. Rad1 Qb6 24. Qe4 g6 25. Rb1 Qc7 26. Rxb8 Qxb8 27. Rb1 Qd6 28. h3 Qa6 29. Qa8 Qxc4 30. Qh8 f5 31. g3 Rc7 32. Rb8 Qc1+ 33. Kg2 Qc6+ 34. Kh2 Qc5 35. Qxh7+ Kf6 36. Qh8+ Kf7 37. Qg8+ Kf6 38. Rf8+ Kg5 39. Kg2 Qd5+ 40. Kh2 Qc5 41. Kg1 1/2-1/2

[Event "NRW Verbandsklasse Group2 1314"]
[Site "Nordrheinwestfalen"]
[Date "2014.03.09"]
[Round "8"]
[White "Tobczewski, Peter"]
[Black "Babar, Michael"]
[Result "0-1"]
[WhiteElo "1910"]
[BlackElo "2073"]
[PlyCount "40"]
[EventDate "2013.09.08"]
[EventType "team-tourn"]
[EventRounds "9"]
[EventCountry "GER"]
[SourceTitle "EXT 2020"]
[Source "ChessBase"]
[SourceDate "2019.10.17"]
[SourceVersion "1"]
[SourceVersionDate "2019.10.17"]
[SourceQuality "1"]
[WhiteTeam "Horst Emscher II"]
[BlackTeam "Dortmund Hansa III"]
[WhiteTeamCountry "GER"]
[BlackTeamCountry "GER"]

1. c4 c5 2. Nc3 Nc6 3. g3 g6 4. Bg2 Bg7 5. e3 e6 6. Nge2 Nge7 7. 0-0 0-0 8. d4 cxd4 9. Nxd4 Nxd4 10. exd4 d6 11. Rb1 Qb6 12. Be3 Nf5 13. Ne2 Nxe3 14. fxe3 e5 15. Qd2 Bf5 16. Rbc1 Rac8 17. Kh1 Bg4 18. Rc3 Qa5 19. Bd5 b5 20. Qc2 b4 0-1

[Event "Ruhrgebiet VL2 0910"]
[Site "Germany"]
[Date "2010.02.21"]
[Round "7.3"]
[White "Tobczewski, Peter"]
[Black "Frohne, Gerd"]
[Result "0-1"]
[WhiteElo "2006"]
[BlackElo "2168"]
[PlyCount "74"]
[EventDate "2009.09.06"]
[EventType "team-tourn"]
[EventRounds "9"]
[EventCountry "GER"]
[SourceTitle "EXT 2011"]
[Source "ChessBase"]
[SourceDate "2010.11.26"]
[SourceVersion "1"]
[SourceVersionDate "2010.11.26"]
[SourceQuality "1"]
[WhiteTeam "Horst Emscher II"]
[BlackTeam "Gladbeck SG"]
[WhiteTeamCountry "GER"]
[BlackTeamCountry "GER"]

1. e4 e6 2. d4 d5 3. e5 c5 4. c3 Qb6 5. Nf3 Nc6 6. Bd3 cxd4 7. cxd4 Bd7 8. 0-0 Nxd4 9. Nxd4 Qxd4 10. Nc3 a6 11. Kh1 Rc8 12. a3 Bc5 13. f4 Nh6 14. h3 0-0 15. Ne2 Qa4 16. b3 Qa5 17. Ng3 Qd8 18. Nh5 Bb5 19. Bxb5 axb5 20. g4 Qh4 21. Kh2 f5 22. exf6 gxf6 23. Bd2 f5 24. Be1 Qd8 25. g5 Kh8 26. gxh6 e5 27. b4 Bd4 28. Rc1 Qd6 29. Rxc8 Rxc8 30. Bh4 Qxh6 31. Bf6+ Kg8 32. fxe5 Qe3 33. Rf3 Rc2+ 34. Kg3 Bxe5+ 35. Kh4 Qe4+ 36. Nf4 Bxf6+ 37. Kg3 Be5 0-1

[Event "Ruhrgebiet VL2 0910"]
[Site "Germany"]
[Date "2010.01.31"]
[Round "6.5"]
[White "Gross, Thomas"]
[Black "Tobczewski, Peter"]
[Result "1/2-1/2"]
[WhiteElo "1912"]
[BlackElo "2006"]
[PlyCount "37"]
[EventDate "2009.09.06"]
[EventType "team-tourn"]
[EventRounds "9"]
[EventCountry "GER"]
[SourceTitle "EXT 2011"]
[Source "ChessBase"]
[SourceDate "2010.11.26"]
[SourceVersion "1"]
[SourceVersionDate "2010.11.26"]
[SourceQuality "1"]
[WhiteTeam "Oberhausen II"]
[BlackTeam "Horst Emscher II"]
[WhiteTeamCountry "GER"]
[BlackTeamCountry "GER"]

1. Nf3 c5 2. c4 Nc6 3. Nc3 g6 4. e3 e6 5. d4 cxd4 6. exd4 d5 7. cxd5 exd5 8. g3 Bg7 9. Bg2 Nge7 10. 0-0 0-0 11. Re1 Be6 12. b3 Rc8 13. Bb2 Nf5 14. Ne2 Qb6 15. Rc1 Nb4 16. a3 Rxc1 17. Bxc1 Nc6 18. Bb2 h6 19. Nf4 1/2-1/2

[Event "Ruhrgebiet VL2 0910"]
[Site "Germany"]
[Date "2009.12.06"]
[Round "4.3"]
[White "Strathoff, Dirk"]
[Black "Tobczewski, Peter"]
[Result "1/2-1/2"]
[WhiteElo "1952"]
[BlackElo "2006"]
[PlyCount "46"]
[EventDate "2009.09.06"]
[EventType "team-tourn"]
[EventRounds "9"]
[EventCountry "GER"]
[SourceTitle "EXT 2011"]
[Source "ChessBase"]
[SourceDate "2010.11.26"]
[SourceVersion "1"]
[SourceVersionDate "2010.11.26"]
[SourceQuality "1"]
[WhiteTeam "Brackel II"]
[BlackTeam "Horst Emscher II"]
[WhiteTeamCountry "GER"]
[BlackTeamCountry "GER"]

1. Nf3 d5 2. c4 Nf6 3. cxd5 Nxd5 4. e4 Nf6 5. Nc3 e6 6. a3 c5 7. Ne5 Nbd7 8. Bb5 a6 9. Bxd7+ Bxd7 10. d4 Rc8 11. Be3 cxd4 12. Bxd4 Bc5 13. Bxc5 Rxc5 14. Nxd7 Qxd7 15. Qxd7+ Nxd7 16. 0-0-0 Ke7 17. Kb1 Rd8 18. Rd4 Ne5 19. Rxd8 Kxd8 20. Rd1+ Ke7 21. f3 Nc4 22. Rd3 Ne5 23. Rd2 Nc4 1/2-1/2

[Event "Ruhrgebiet VL2 0910"]
[Site "Germany"]
[Date "2009.10.25"]
[Round "3.4"]
[White "Tobczewski, Peter"]
[Black "Schmitz, Martin"]
[Result "1/2-1/2"]
[WhiteElo "2006"]
[BlackElo "1963"]
[PlyCount "81"]
[EventDate "2009.09.06"]
[EventType "team-tourn"]
[EventRounds "9"]
[EventCountry "GER"]
[SourceTitle "EXT 2011"]
[Source "ChessBase"]
[SourceDate "2010.11.26"]
[SourceVersion "1"]
[SourceVersionDate "2010.11.26"]
[SourceQuality "1"]
[WhiteTeam "Horst Emscher II"]
[BlackTeam "Dortmund FS 98"]
[WhiteTeamCountry "GER"]
[BlackTeamCountry "GER"]

1. e4 c5 2. Nc3 Nc6 3. g3 g6 4. Bg2 Bg7 5. d3 d6 6. Be3 e6 7. Nge2 Nge7 8. Qd2 Nd4 9. Nc1 Bd7 10. Nd1 h5 11. c3 Ndc6 12. h3 Qc7 13. f4 b6 14. Ne2 0-0-0 15. Rc1 Kb8 16. d4 Na5 17. c4 Nec6 18. b3 cxd4 19. Nxd4 Nxd4 20. Bxd4 Bxd4 21. Qxd4 Qc5 22. Qd2 Nc6 23. Nf2 h4 24. g4 Qd4 25. Rd1 Qxd2+ 26. Rxd2 Kc7 27. 0-0 Bc8 28. Rfd1 e5 29. Nd3 Rhe8 30. Rf1 f6 31. fxe5 fxe5 32. Rf6 Re6 33. Rdf2 Rde8 34. Ne1 Nd4 35. Rf7+ R8e7 36. Kf1 Kd7 37. Kg1 Ne2+ 38. Kh2 Nd4 39. Bf1 Rxf7 40. Rxf7+ Re7 41. Rf2 1/2-1/2

[Event "Ruhrgebiet VL2 0910"]
[Site "Germany"]
[Date "2009.09.06"]
[Round "1.5"]
[White "Masberg, Stefan"]
[Black "Tobczewski, Peter"]
[Result "0-1"]
[WhiteElo "2099"]
[BlackElo "2006"]
[PlyCount "80"]
[EventDate "2009.09.06"]
[EventType "team-tourn"]
[EventRounds "9"]
[EventCountry "GER"]
[SourceTitle "EXT 2011"]
[Source "ChessBase"]
[SourceDate "2010.11.26"]
[SourceVersion "1"]
[SourceVersionDate "2010.11.26"]
[SourceQuality "1"]
[WhiteTeam "Bottrop"]
[BlackTeam "Horst Emscher II"]
[WhiteTeamCountry "GER"]
[BlackTeamCountry "GER"]

1. e4 c5 2. Nf3 Nf6 3. Nc3 Nc6 4. d4 d5 5. exd5 Nxd5 6. Nxd5 Qxd5 7. dxc5 Qxc5 8. c3 Bg4 9. Be3 Qa5 10. Be2 e5 11. 0-0 Be7 12. Nxe5 Bxe2 13. Nxc6 Qa6 14. Qd2 Bxf1 15. Nxe7 Qd3 16. Rxf1 Qxd2 17. Bxd2 Kxe7 18. Re1+ Kd7 19. Kf1 Rhe8 20. Be3 Kc6 21. g3 Rad8 22. h4 Rd5 23. Bxa7 Rxe1+ 24. Kxe1 Ra5 25. Bd4 Rxa2 26. c4 Ra4 27. Kd2 Rxc4 28. Bxg7 Kb5 29. Bf8 Ka4 30. Bg7 Kb3 31. Bc3 b5 32. Kd3 b4 33. Be5 Rc2 34. f4 Rxb2 35. Ke4 Re2+ 36. Kf5 Rxe5+ 37. fxe5 Kc4 38. Kf6 Kd5 39. Kxf7 Kxe5 40. g4 b3 0-1

[Event "Ruhrgebiet VK2 0708"]
[Site "Germany"]
[Date "2008.02.17"]
[Round "6.2"]
[White "Tobczewski, Peter"]
[Black "Grube, Frank"]
[Result "1-0"]
[WhiteElo "2008"]
[BlackElo "2050"]
[PlyCount "37"]
[EventDate "2007.09.16"]
[EventType "team-tourn"]
[EventRounds "9"]
[EventCountry "GER"]
[SourceTitle "EXT 2009"]
[Source "ChessBase"]
[SourceDate "2008.11.26"]
[SourceVersion "1"]
[SourceVersionDate "2008.11.26"]
[SourceQuality "1"]
[WhiteTeam "Horst Emscher II"]
[BlackTeam "Unna SV"]
[WhiteTeamCountry "GER"]
[BlackTeamCountry "GER"]

1. e4 c5 2. Nf3 e6 3. d4 cxd4 4. Nxd4 a6 5. Be3 Nf6 6. Bd3 Nc6 7. Nxc6 dxc6 8. 0-0 Qc7 9. Nd2 e5 10. h3 b5 11. a4 Bb7 12. axb5 cxb5 13. c4 Rd8 14. Qb3 Qd7 15. Be2 Nxe4 16. Nxe4 Bxe4 17. cxb5 axb5 18. Bxb5 Bc6 19. Ra7 1-0

[Event "Ruhrgebiet VK2 0708"]
[Site "Germany"]
[Date "2007.12.02"]
[Round "4.2"]
[White "Tobczewski, Peter"]
[Black "Watzlawek, Markus"]
[Result "0-1"]
[WhiteElo "1911"]
[BlackElo "1962"]
[PlyCount "42"]
[EventDate "2007.09.16"]
[EventType "team-tourn"]
[EventRounds "9"]
[EventCountry "GER"]
[SourceTitle "EXT 2009"]
[Source "ChessBase"]
[SourceDate "2008.11.26"]
[SourceVersion "1"]
[SourceVersionDate "2008.11.26"]
[SourceQuality "1"]
[WhiteTeam "Horst Emscher II"]
[BlackTeam "Dortmund Hansa III"]
[WhiteTeamCountry "GER"]
[BlackTeamCountry "GER"]

1. e4 c5 2. Nf3 d6 3. d4 cxd4 4. Nxd4 Nf6 5. Bc4 e6 6. Nc3 a6 7. a4 Be7 8. 0-0 0-0 9. Be3 Nxe4 10. Nxe4 d5 11. Bd3 dxe4 12. Bxe4 Nd7 13. Nb3 Qc7 14. Qe2 Nf6 15. Bd3 Bd6 16. h3 Nd5 17. Bd2 e5 18. Bxh7+ Kxh7 19. Qe4+ Kg8 20. Qxd5 Be6 21. Qf3 Qxc2 0-1

[Event "Ruhrgebiet VL2 0405"]
[Site "Ruhrgebiet"]
[Date "2005.03.13"]
[Round "8.8"]
[White "Tobczewski, Peter"]
[Black "Panofen, Ingo"]
[Result "1-0"]
[WhiteElo "1935"]
[BlackElo "1833"]
[PlyCount "105"]
[EventDate "2004.09.12"]
[EventType "team-tourn"]
[EventRounds "9"]
[EventCountry "GER"]
[SourceTitle "EXT 2006"]
[Source "ChessBase"]
[SourceDate "2005.11.24"]
[SourceVersion "1"]
[SourceVersionDate "2005.11.24"]
[SourceQuality "1"]
[WhiteTeam "Horst"]
[BlackTeam "Castrop Rauxel II"]
[WhiteTeamCountry "GER"]
[BlackTeamCountry "GER"]

1. e4 c5 2. Nf3 e6 3. d4 cxd4 4. Nxd4 a6 5. Bd3 Qc7 6. 0-0 Nf6 7. Be3 Bc5 8. Nd2 d6 9. N2b3 Ba7 10. Rc1 Nc6 11. c4 Nxd4 12. Nxd4 0-0 13. Qf3 e5 14. Nf5 Bxf5 15. exf5 Bxe3 16. fxe3 Qb6 17. b3 e4 18. Bxe4 Rfe8 19. Bxb7 Ra7 20. Bc6 Rxe3 21. c5 Qxc5 22. Rxc5 Rxf3 23. Rd1 Re3 24. Rxd6 h6 25. Bf3 Ne4 26. Bxe4 Rxe4 27. Rd8+ Kh7 28. Rcc8 g5 29. fxg6+ Kxg6 30. Rd6+ Kg7 31. Rcc6 Rae7 32. h3 a5 33. Rxh6 Re2 34. a4 R7e3 35. Rh5 Rg3 36. Kf1 Rgxg2 37. Rg5+ Rxg5 38. Kxe2 Rg3 39. Rb6 Rxh3 40. Rb5 Kg6 41. Kd2 f5 42. Kc2 f4 43. Rxa5 f3 44. Kd2 f2 45. Ke2 Rf3 46. Kf1 Kf6 47. Rb5 Ke6 48. a5 Kd6 49. a6 Rf8 50. b4 Kc6 51. Rb7 Ra8 52. b5+ Kc5 53. a7 1-0